| 000 | 00000nam 2200000zi 4500 |
| 001 | 9.947372 |
| 003 | CaOODSP |
| 005 | 20250124151527 |
| 006 | m o d f |
| 007 | cr mn||||||||| |
| 008 | 250124t19911992onca ob f000 0 fre d |
| 020 | |a0662977211 |q(imprimé) |
| 040 | |aCaOODSP|bfre|erda|cCaOODSP |
| 043 | |an-cn--- |
| 086 | 1 |aZ1-1989/1-41-1F-PDF|zZ1-1989/1-41-1F |
| 245 | 13|aLe transport des personnes ayant une incapacité : |bexamen de la politique / |cHickling Corporation. |
| 264 | 1|a[Ottawa] : |b[Commission royale sur le transport des voyageurs au Canada], |c1991. |
| 264 | 4|c©1992 |
| 300 | |a1 ressource en ligne (65 pages) : |billustrations |
| 336 | |atexte|btxt|2rdacontent/fre |
| 337 | |ainformatique|bc|2rdamedia/fre |
| 338 | |aressource en ligne|bcr|2rdacarrier/fre |
| 500 | |aPublié aussi en anglais sous le titre : Transportation for people with disabilities: a policy review and analysis. |
| 500 | |a« Rapport rédigé pour la Division de la recherche de la Commission royale sur le transport des voyageurs au Canada. » |
| 500 | |a« Mars 1991. » |
| 500 | |a« RR-01. » |
| 500 | |a« HICKLING REF.: 3927. » |
| 500 | |aComprend 2 pages de titre. |
| 500 | |aÉdition numérisée de l'imprimée [par Direction des publications du gouvernement du Canada]. |
| 504 | |aComprend des références bibliographiques. |
| 650 | 6|aPersonnes handicapées|xTransport|zCanada. |
| 650 | 6|aDiscrimination à l'égard des personnes handicapées|zCanada. |
| 650 | 6|aPersonnes handicapées|xPolitique gouvernementale|zCanada. |
| 650 | 6|aTransport|xPolitique gouvernementale|zCanada. |
| 710 | 1 |aCanada. |bCommission royale sur le transport des voyageurs au Canada. |bDivision de la recherche, |eorganisme de publication. |
| 710 | 2 |aHickling Corporation, |econsultant. |
| 775 | 08|tTransportation for people with disabilities : |w(CaOODSP)9.947371 |
| 776 | 0#|tLe transport des personnes ayant une incapacité: examen de la politique / |w(CaOODSP)9.620696 |
| 856 | 40|qPDF|s4.48 Mo|uhttps://publications.gc.ca/collections/collection_2025/bcp-pco/Z1-1989-1-41-1-fra.pdf |